| Tag |
First Indicator |
Second Indicator |
Subfields |
| LEADER |
00000cam a2200000 4500 |
| 001 |
in00000056336 |
| 005 |
20151007081900.0 |
| 008 |
751027s1952 xx 00000 eng |
| 010 |
|
|
|a 53017739
|
| 035 |
|
|
|a (OCoLC)01738848
|
| 035 |
|
|
|9 AAF7051AM
|
| 040 |
|
|
|a DLC
|c XFM
|d TXA
|d UtOrBLW
|
| 049 |
|
|
|a TXAM
|c [365520]
|
| 050 |
|
0 |
|a B1498
|b .B75
|
| 092 |
|
|
|a 192
|b H9213b
|
| 100 |
1 |
|
|a Brunius, Teddy,
|d 1922-
|
| 245 |
1 |
0 |
|a David Hume on criticism.
|
| 264 |
|
1 |
|a Stockholm :
|b Almqvist & Wiksell,
|c [1952]
|
| 300 |
|
|
|a 137 pages :
|b portraits ;
|c 27 cm.
|
| 336 |
|
|
|a text
|b txt
|2 rdacontent
|
| 337 |
|
|
|a unmediated
|b n
|2 rdamedia
|
| 338 |
|
|
|a volume
|b nc
|2 rdacarrier
|
| 490 |
0 |
|
|a Figura, 2
|
| 504 |
|
|
|a Bibliography: pages 128-132.
|
| 600 |
1 |
0 |
|a Hume, David,
|d 1711-1776.
|
| 999 |
|
|
|a MARS
|
| 999 |
f |
f |
|s 81bf1ecf-7a56-328c-87cc-223fa619e0ad
|i 5e087260-36b8-37c8-be8c-c579b3dee854
|t 0
|
| 952 |
f |
f |
|p ric
|a Texas A&M University
|b Rellis Campus
|c Joint Library Facility
|d Remote Storage
|t 0
|e B1498 .B75
|h Library of Congress classification
|i unmediated -- volume
|m A14800542342
|
| 998 |
f |
f |
|a B1498 .B75
|t 0
|l Remote Storage
|